000 00531nam a2200145Ia 4500
008 230917s9999||||xx |||||||||||||| ||und||
040 _e210305
_aMAIN
041 _aEnglish
082 _a006 K899F
100 _aRamanujan Mathematical society, India
245 0 _aFormal language aspects of natural computing: Proceedings of Research level group discussion meeting on natural computing held at IIT Madras, Chennai, November 2005
260 _aIndia
_bRamanujan Mathematical Society
_c2007
300 _aiv, 224p p.
942 _cBK
999 _c167838
_d167838